000 00634nam a2200241 a 4500
001 nice12345678
003 IN_TiNIC
005 20260116011718.0
008 050524s1980 bana grp 000 0 eng
020 _a
_c100
082 0 0 _a270.82
_bNEL
100 _aNellithanam, Susy
245 _aRipples
_b Story of the Ecumenical Christian Centre 1960-1980
260 _aBangalore
_bEcumenical Christian Centre
_c1980
300 _a90p
500 _aincludes index and biblioraphy
505 2 _aBibliography, Index
650 _aEcumenicalism
700 1 _aNellithanam, Susy
902 _bSRS
942 _cBK
999 _c3492
_d3492